<?xml version="1.0" encoding="UTF-8"?>
<collection xmlns="http://www.loc.gov/MARC21/slim">
 <record>
  <leader>01699nam a22003137a 4500</leader>
  <controlfield tag="001">44732</controlfield>
  <controlfield tag="003">BD-DhAAL</controlfield>
  <controlfield tag="005">20250908115744.0</controlfield>
  <controlfield tag="008">250908t2025    bg adb|| s|||f00| 0 eng d</controlfield>
  <datafield tag="020" ind1=" " ind2=" ">
   <subfield code="a">9789844753280</subfield>
  </datafield>
  <datafield tag="040" ind1=" " ind2=" ">
   <subfield code="a">BD-DhAAL</subfield>
   <subfield code="c">BD-DhAAL</subfield>
  </datafield>
  <datafield tag="041" ind1=" " ind2=" ">
   <subfield code="a">eng</subfield>
   <subfield code="a">ben</subfield>
  </datafield>
  <datafield tag="082" ind1=" " ind2=" ">
   <subfield code="a">304.6095492</subfield>
   <subfield code="2">23</subfield>
  </datafield>
  <datafield tag="245" ind1=" " ind2=" ">
   <subfield code="a">Population and housing census,</subfield>
   <subfield code="f">2022.</subfield>
   <subfield code="p">Community report : Lakshmipur.</subfield>
  </datafield>
  <datafield tag="246" ind1=" " ind2=" ">
   <subfield code="a">Population and housing census 2022</subfield>
  </datafield>
  <datafield tag="246" ind1=" " ind2=" ">
   <subfield code="a">জনশুমারি ও গৃহগণনা,</subfield>
   <subfield code="f">২০২২.</subfield>
   <subfield code="p">কমিউনিটি রিপোর্ট : লক্ষ্মীপুর</subfield>
  </datafield>
  <datafield tag="246" ind1=" " ind2=" ">
   <subfield code="a">জনশুমারি ও গৃহগণনা ২০২২</subfield>
  </datafield>
  <datafield tag="260" ind1=" " ind2=" ">
   <subfield code="a">Dhaka :</subfield>
   <subfield code="b">Bangladesh Bureau of Statistics, Statistics and Informatics Division, Ministry of Planning, Government of the People's Republic of Bangladesh,</subfield>
   <subfield code="c">2025.</subfield>
  </datafield>
  <datafield tag="300" ind1=" " ind2=" ">
   <subfield code="a">xvii, 349 pages :</subfield>
   <subfield code="b">color illustrations, maps, charts ;</subfield>
   <subfield code="c">28 cm</subfield>
  </datafield>
  <datafield tag="500" ind1=" " ind2=" ">
   <subfield code="a">Chiefly statistical tables.</subfield>
  </datafield>
  <datafield tag="541" ind1=" " ind2=" ">
   <subfield code="a">Complimentary copy from Bangladesh Bureau of Statistics (BBS)</subfield>
   <subfield code="e">44732</subfield>
  </datafield>
  <datafield tag="650" ind1=" " ind2=" ">
   <subfield code="a">Housing</subfield>
   <subfield code="z">Bangladesh</subfield>
   <subfield code="v">Statistics.</subfield>
  </datafield>
  <datafield tag="650" ind1=" " ind2=" ">
   <subfield code="a">Housing</subfield>
   <subfield code="x">Population</subfield>
   <subfield code="v">Statistics.</subfield>
   <subfield code="9">59255</subfield>
  </datafield>
  <datafield tag="651" ind1=" " ind2=" ">
   <subfield code="a">Bangladesh</subfield>
   <subfield code="x">Census, 2022.</subfield>
   <subfield code="9">57181</subfield>
  </datafield>
  <datafield tag="710" ind1=" " ind2=" ">
   <subfield code="a">Bangladesh.</subfield>
   <subfield code="b">Parishankhyan Bureau.</subfield>
   <subfield code="b">Statistics and Informatics Division.</subfield>
   <subfield code="9">57182</subfield>
  </datafield>
  <datafield tag="852" ind1=" " ind2=" ">
   <subfield code="a">Ayesha Abed Library</subfield>
   <subfield code="c">Reference Section</subfield>
  </datafield>
  <datafield tag="942" ind1=" " ind2=" ">
   <subfield code="2">ddc</subfield>
   <subfield code="c">BK</subfield>
  </datafield>
  <datafield tag="999" ind1=" " ind2=" ">
   <subfield code="c">47521</subfield>
   <subfield code="d">47521</subfield>
  </datafield>
  <datafield tag="952" ind1=" " ind2=" ">
   <subfield code="0">0</subfield>
   <subfield code="1">0</subfield>
   <subfield code="2">ddc</subfield>
   <subfield code="4">0</subfield>
   <subfield code="6">304_609549200000000_POP</subfield>
   <subfield code="7">1</subfield>
   <subfield code="8">RPT</subfield>
   <subfield code="9">78143</subfield>
   <subfield code="a">BRACUL</subfield>
   <subfield code="b">BRACUL</subfield>
   <subfield code="c">REF</subfield>
   <subfield code="d">2025-09-08</subfield>
   <subfield code="e">Complimentary copy from Bangladesh Bureau of Statistics (BBS)</subfield>
   <subfield code="g">1200.00</subfield>
   <subfield code="l">0</subfield>
   <subfield code="o">304.6095492 POP</subfield>
   <subfield code="p">3010044732</subfield>
   <subfield code="r">2025-09-08</subfield>
   <subfield code="t">1</subfield>
   <subfield code="v">2400.00</subfield>
   <subfield code="w">2025-09-08</subfield>
   <subfield code="y">BK</subfield>
   <subfield code="x">Complimentary copy from Bangladesh Bureau of Statistics (BBS)</subfield>
  </datafield>
 </record>
</collection>
